Деятельность западноевропейских христианских миссий в странах Восточной Азии; Актуальные проблемы гуманитарных наук

Detalles Bibliográficos
Parent link:Актуальные проблемы гуманитарных наук.— 2008.— С. 318-319
Autor Principal: Солодникова Е. С.
Idioma:ruso
Publicado: 2008
Subjects:
Formato: MixedMaterials Capítulo de libro
KOHA link:https://koha.lib.tpu.ru/cgi-bin/koha/opac-detail.pl?biblionumber=186050

MARC

LEADER 00000naa2a2200000 4500
001 186050
005 20231031173416.0
035 |a (RuTPU)RU\TPU\book\201872 
090 |a 186050 
100 |a 20101022d2008 k y0rusy50 ca 
101 0 |a rus 
102 |a RU 
200 1 |a Деятельность западноевропейских христианских миссий в странах Восточной Азии  |f Е. С. Солодникова 
463 0 |0 (RuTPU)RU\TPU\book\194420  |t Актуальные проблемы гуманитарных наук  |o сборник научных трудов  |f Томский политехнический университет (ТПУ)   |v С. 318-319  |d 2008  |p 562 с. 
610 1 |a христианство 
610 1 |a миссионерство 
610 1 |a Восточная Азия 
610 1 |a католическая церковь 
610 1 |a Китай 
610 1 |a Корея 
610 1 |a Япония 
610 1 |a труды учёных ТПУ 
700 1 |a Солодникова  |b Е. С. 
801 1 |a RU  |b 63413507  |c 20101022 
942 |c BK